|
|
|
|
| LEADER |
00000nab a2200000 a 4500 |
| 001 |
vtls000029509 |
| 003 |
SK-MaSNL |
| 005 |
20260303031451.0 |
| 008 |
111026c1978 xo 0 slo |
| 015 |
|
|
|a SNBRA19rr/mm-uuuuu
|
| 035 |
|
|
|a CL0039603
|
| 040 |
|
|
|a SNKBUCL
|b slo
|c SNKBUCL
|e AACR2
|
| 041 |
0 |
|
|a slo
|
| 044 |
|
|
|a xo
|c SK
|
| 080 |
|
|
|a 631.4
|2 1981
|
| 080 |
|
|
|a 631.8
|2 1981
|
| 100 |
1 |
|
|a Bielek, Pavol,
|d 1946-
|4 aut
|9 188451
|
| 245 |
1 |
0 |
|a K niektorým otázkam dusíkatého režimu pôd
|c P. Bielik
|
| 300 |
|
|
|b Tb. 4. Res. rus., angl.
|
| 650 |
0 |
7 |
|a poľnohospodárska pôda
|2 snkbucl
|9 31794
|
| 650 |
0 |
7 |
|a hnojivá PK
|2 snkbucl
|9 1013609
|
| 655 |
|
7 |
|a články zo zborníkov
|2 snkbucl
|9 166140
|
| 773 |
0 |
|
|t Vedecké práce Výskumného ústavu pôdoznalectva a výživy rastlín Bratislava
|d Bratislava : Príroda, 1978
|g S. 141-148
|
| 850 |
|
|
|a Slovenská národná knižnica v Martine
|a MTA001
|
| 852 |
|
|
|a SNK
|b KIS3GCP
|
| 958 |
|
7 |
|a RK
|
| 992 |
|
|
|a RZB
|
| 999 |
|
|
|c 1658248
|d 1660178
|